000 00849nas a2200253 4500
001 BR0601942
003 BR-BrBNA
005 20231205110005.0
007 ta
008 230509b bl.|||p| |||| 00| 00por d
040 _aBR-BrBNA
_bpor
_cBiblioteca Nacional de Agricultura
041 _a(Pt)
072 _aF40
100 1 _aFonseca, E.L. da
100 1 _aSilveira, V.C.P.
100 1 _aSalomoni, E.
245 1 _aEficiência de conversão da radiação fotossinteticamente ativa incidente em biomassa aérea da vegetação campestre natural no bioma Campos Sulinos do Brasil
650 _aVEGETAÇÃO NATIVA
650 _aBIOMASSA
650 _aMODELO MATEMÁTICO
773 0 _tCiência Rural (Brazil)
_xISSN 0103-8478
_g(Mar-Apr 2006), v. 36(2) p. 656-659
_wBR0601942
909 _a202311
_bLúcia
_c55
_dLúcia Elande
942 _2AGRIS
_n0
_cANA
999 _c185704
_d185704